| 000 | 00893cam a22002895a 4500 | ||
|---|---|---|---|
| 001 | L157592 | ||
| 008 | 130129s2012 xxk f 000 0 eng d | ||
| 020 | _a9781848062511 | ||
| 035 | _a(Sirsi) u157592 | ||
| 041 | 0 | _aeng | |
| 050 | 0 | 4 | _a693.82 $2 18 |
| 100 | 1 | _aLennon, Tom | |
| 245 | 0 | 0 | _aPassive and reactive fire protection to structural steel |
| 260 |
_aWatford _bBRE _c2012 |
||
| 300 |
_a16p. _bill. _c30cm. |
||
| 490 | 0 |
_aBRE Information Paper _v(6/12) |
|
| 520 | _aCollates and updates available information on passive and reactive fire protection to structural steelwork. | ||
| 521 | _aAdvanced | ||
| 590 | _aKA | ||
| 650 | 2 | 4 | _aFIRE PROTECTION |
| 650 | 2 | 4 | _aSTRUCTURAL STEEL |
| 651 | 4 | _aENGLAND AND WALES | |
| 690 | _aMANAGEMENT-HEALTH AND SAFETY-FIRE SAFETY-FIRE SAFETY ENGINEERING | ||
| 690 |
_aHealth and safety _96244 |
||
| 700 | 1 | _aHopkin, Danny | |
| 942 | _n0 | ||
| 999 |
_c114858 _d114858 |
||